00574pab a2200169 454500008004000000100002100040245009900061260000900160300001300169362000800182650001800190700002200208773004300230909001000273999001700283952010400300180718b2001 xxu||||| |||| 00| 0 eng d aSayeed, Omer Bin aOrganisational priorities and management role effectiveness in a high reliability organisation c2001 ap.231-47 aOct aOrganizations aJain, Ravindra K. aIndian Journal of Industrial Relations a51546 c51546d51546 00104070aIIPAbIIPAd2018-07-19hVolume no: 37, Issue no: 2pAR51974r2018-07-19w2018-07-19yAR